| 000 | 01878nam a2200277 a 4500 | ||
|---|---|---|---|
| 001 | 000002510 | ||
| 005 | 20200929150213.0 | ||
| 008 | 090702s1973 dr d 000 0 spa d | ||
| 040 |
_aDO-SdBNP _bspa _cBNPHU |
||
| 082 |
_a332.3 _bD261a |
||
| 100 | 1 |
_aDavis, Carlisle R. _97898 |
|
| 245 | 1 | 0 |
_aAdministración de préstamos / _cCarlisle R. Davis ; traductor Francisco Díaz Morales ; prefacio Leroy Lewis. |
| 260 |
_aSanto Domingo : _bInstituto Americano de Banca : _bAsociación Americana de Banqueros, _c1973. |
||
| 300 |
_a628 p. ; _c21 cm. _bdiagr. |
||
| 500 | _aIncluye referencias bibliográficas y notas al pie de las páginas. | ||
| 505 | 0 | _aAnálisis de pautas -- Análisis de pautas (conclusión) -- El departamento de crédito -- Fuentes de información de crédito -- Análisis de estados financieros -- Correspondencia de crédito -- El expediente de crédito y otros registros de crédito -- Préstamos sin garantía -- Préstamos con garantía -- Préstamos con garantía (conclusión) -- Préstamos a los negocios pequeños -- Préstamos de cuotas -- Préstamos a largo plazo -- Préstamos interbancarios -- Préstamos con garantía inmobiliaria -- Influencia del sistema de la reserva federal -- Inversiones de los fondos en exceso de los bancos comerciales -- Negocios con empresas en dificultades -- Oportunidades y responsabilidades del funcionario de préstamo del banco -- Normas de préstamo -- Modelo de expediente de crédito -- Modelo de contrato de préstamo a plazo | |
| 590 | _aInventariado, 2018/MFF | ||
| 650 | 4 |
_aPréstamos bancarios _97899 |
|
| 650 | 4 |
_aPréstamos comerciales _97900 |
|
| 650 | 4 |
_aCrédito comercial _97901 |
|
| 650 | 4 |
_aAdministración de crédito _97902 |
|
| 650 | 4 |
_aPréstamos hipotecarios _97903 |
|
| 700 | 1 | 2 |
_aLewis, Leroy _97904 |
| 700 | 1 | 2 |
_aDíaz Moralez, Francisco _etrad. _97905 |
| 910 | _aJornada de catalogación | ||
| 999 |
_c2346 _d2346 |
||